Statistics for Formula 1 Drivers A-Z

Click here to take the quiz!

General Stats

  • This quiz has been taken 526 times
    (210 since last reset)
  • The average score is 15 of 25

Answer Stats

LetterHintDriver% Correct
ASpanish driver, two time world championFernando Alonso
96%
HBritish driver, seven time world championLewis Hamilton
94%
SGerman driver, seven time world championMichael Schumacher
86%
PMexican driver, 6 winsSergio Pérez
86%
VGerman driver, four time world championSebastian Vettel
84%
GFrench driver, survived a crash in Bahrain 2020Romain Grosjean
83%
NBritish driver, one pole position in 2021Lando Norris
82%
RFinnish driver, one time world championKimi Räikkönen
81%
OFrench driver, single win in Hungary 2021Esteban Ocon
79%
BBrazilian driver, most races without championshipRubens Barrichello
75%
MBrazilian driver, 2nd most races without championshipFelipe Massa
74%
WAustralian driver, 9 winsMark Webber
71%
CBritish driver, 13 winsDavid Coulthard
69%
TItalian driver, single win in Monaco 2004Jarno Trulli
60%
KFinnish driver, single win in Hungary 2008Heikki Kovalainen
59%
IBritish driver, 4 winsEddie Irvine
52%
FItalian driver, 3 winsGiancarlo Fisichella
49%
ESwedish driver, 97 racesMarcus Ericsson
49%
LFrench driver, 6 winsJacques Laffite
32%
YJapanese driver, 21 racesSakon Yamamoto
31%
DItalian driver, 208 racesAndrea de Cesaris
26%
ZItalian driver, 41 racesAlessandro Zanardi
22%
JFrench driver, 143 racesJean-Pierre Jarier
15%
QAustrian driver, single race in 1974Dieter Quester
9%
UUruguayan driver, two races in 1955Alberto Uria
8%

Score Distribution

Percentile by Number Answered

Percent of People with Each Score

Your Score History

You have not taken this quiz since the last reset